[Event "HUN-chT2 Szechenyi 1819"]
[Site "Hungary"]
[Date "2019.02.24"]
[Round "6.1"]
[White "Heiligermann, Gabor"]
[Black "Paksa, Rudolf"]
[Result "0-1"]
[WhiteElo "1981"]
[BlackElo "2062"]
[PlyCount "110"]
[EventDate "2018.10.28"]
[EventType "team-tourn"]
[EventRounds "9"]
[EventCountry "HUN"]
[SourceTitle "EXT 2021"]
[Source "ChessBase"]
[SourceDate "2020.10.23"]
[SourceVersion "1"]
[SourceVersionDate "2020.10.23"]
[SourceQuality "1"]
[WhiteTeam "Tapolca VSE II"]
[BlackTeam "Ajka ASSE"]
[WhiteTeamCountry "HUN"]
[BlackTeamCountry "HUN"]

1. c4 e5 2. Nc3 Nf6 3. g3 d5 4. cxd5 Nxd5 5. Bg2 Nb6 6. Nf3 Nc6 7. d3 Be7 8. Be3 0-0 9. 0-0 Re8 10. d4 Nc4 11. d5 Nxe3 12. fxe3 Nb8 13. Nxe5 Bf6 14. Nc4 Bxc3 15. bxc3 b5 16. Na5 Qd6 17. Qd4 Nd7 18. a4 a6 19. c4 bxa4 20. Rxa4 Rb8 21. Nc6 Rb3 22. e4 Qc5 23. Ra5 Qxd4+ 24. Nxd4 Rc3 25. Rd1 Rxc4 26. Kf2 Nc5 27. e3 Nxe4+ 28. Bxe4 Rxe4 29. Rd2 g6 30. Kf3 Re8 31. Rc2 Rxc2 32. Nxc2 Bf5 33. Nb4 Be4+ 34. Kf4 h6 35. h4 Bg2 36. g4 Re4+ 37. Kg3 Rxb4 38. Kxg2 Rxg4+ 39. Kf3 Rxh4 40. Rxa6 Rc4 41. e4 Rc5 42. Ke3 h5 43. Kd4 Rc1 44. e5 h4 45. Ra3 g5 46. d6 cxd6 47. exd6 Rd1+ 48. Ke5 Kg7 49. Kf5 Rd5+ 50. Kg4 Kg6 51. Ra6 f5+ 52. Kf3 Kh5 53. Rb6 h3 54. Kg3 Rd3+ 55. Kh2 Kg4 0-1

[Event "HUN-chT2 Szechenyi 1819"]
[Site "Hungary"]
[Date "2019.01.27"]
[Round "4.3"]
[White "Heiligermann, Gabor"]
[Black "Barasits, Balint"]
[Result "0-1"]
[WhiteElo "1981"]
[BlackElo "1984"]
[PlyCount "52"]
[EventDate "2018.10.28"]
[EventType "team-tourn"]
[EventRounds "9"]
[EventCountry "HUN"]
[SourceTitle "EXT 2021"]
[Source "ChessBase"]
[SourceDate "2020.10.23"]
[SourceVersion "1"]
[SourceVersionDate "2020.10.23"]
[SourceQuality "1"]
[WhiteTeam "Tapolca VSE II"]
[BlackTeam "Arboretum"]
[WhiteTeamCountry "HUN"]
[BlackTeamCountry "HUN"]

1. c4 e5 2. Nc3 Nf6 3. g3 Nc6 4. Bg2 Bc5 5. e3 a6 6. Nge2 Qe7 7. 0-0 d6 8. d4 Ba7 9. h3 0-0 10. Nd5 Nxd5 11. cxd5 Nd8 12. b3 e4 13. Nc3 f5 14. f3 exf3 15. Qxf3 Nf7 16. Bd2 Bd7 17. Kh2 Rae8 18. Rac1 Ng5 19. Qd1 Rf6 20. Rf4 Rh6 21. h4 Nf7 22. e4 g5 23. Rxf5 Bxf5 24. exf5 Bxd4 25. Qg4 Qe5 26. Ne4 Rxh4+ 0-1

[Event "Zalakaros op 37th"]
[Site "Zalakaros"]
[Date "2018.05.28"]
[Round "4"]
[White "Heiligermann, Gabor"]
[Black "Veleski, Robert"]
[Result "0-1"]
[WhiteElo "2008"]
[BlackElo "2225"]
[PlyCount "72"]
[EventDate "2018.05.25"]
[EventType "swiss"]
[EventRounds "9"]
[EventCountry "HUN"]
[SourceTitle "EXT 2019"]
[Source "ChessBase"]
[SourceDate "2018.10.10"]
[SourceVersion "1"]
[SourceVersionDate "2018.10.10"]
[SourceQuality "1"]

1. c4 Nf6 2. Nc3 g6 3. d4 Bg7 4. e4 d6 5. f4 0-0 6. Nf3 c5 7. d5 e6 8. Bd3 exd5 9. cxd5 b5 10. 0-0 c4 11. Bc2 b4 12. Na4 Bd7 13. e5 Bxa4 14. exf6 Bxc2 15. Qxc2 Bxf6 16. Qxc4 Qb6+ 17. Kh1 Nd7 18. Bd2 a5 19. Rac1 Bxb2 20. Rc2 Bf6 21. Re1 Rfe8 22. Qc6 Rxe1+ 23. Bxe1 Rd8 24. Bf2 Qxc6 25. Rxc6 Nc5 26. Bxc5 dxc5 27. Rxc5 a4 28. Ne5 Ra8 29. h3 Be7 30. Rb5 b3 31. a3 Bxa3 32. Nc4 Bf8 33. d6 a3 34. Nxa3 Rxa3 35. Rb8 Ra1+ 36. Kh2 Rd1 0-1

[Event "Zalakaros op 37th"]
[Site "Zalakaros"]
[Date "2018.05.27"]
[Round "3"]
[White "Chakravarthi, Reddy M"]
[Black "Heiligermann, Gabor"]
[Result "1-0"]
[WhiteElo "2443"]
[BlackElo "2008"]
[PlyCount "73"]
[EventDate "2018.05.25"]
[EventType "swiss"]
[EventRounds "9"]
[EventCountry "HUN"]
[SourceTitle "EXT 2019"]
[Source "ChessBase"]
[SourceDate "2018.10.10"]
[SourceVersion "1"]
[SourceVersionDate "2018.10.10"]
[SourceQuality "1"]

1. c4 c5 2. Nf3 Nf6 3. Nc3 Nc6 4. d4 cxd4 5. Nxd4 d6 6. e4 g6 7. Be2 Bg7 8. Nc2 Be6 9. 0-0 0-0 10. Be3 Qd7 11. f3 Ne8 12. Nd4 Nxd4 13. Bxd4 f5 14. Qd2 Qc6 15. Nd5 Bxd4+ 16. Qxd4 Bxd5 17. cxd5 Qc5 18. Qxc5 dxc5 19. e5 Nc7 20. Rfd1 Rfd8 21. Rac1 Rd7 22. Rxc5 Rad8 23. Rcc1 Nxd5 24. Bb5 e6 25. Bxd7 Rxd7 26. Rc8+ Kf7 27. f4 h6 28. h4 g5 29. hxg5 hxg5 30. fxg5 Kg6 31. Rg8+ Kf7 32. Rh8 Kg7 33. Rh6 Re7 34. Rd4 f4 35. Kf2 Re8 36. Kf3 b6 37. Rxe6 1-0

[Event "HUN-chT2 Szechenyi 1718"]
[Site "Hungary"]
[Date "2018.03.04"]
[Round "7.1"]
[White "Vertetics, Attila"]
[Black "Heiligermann, Gabor"]
[Result "1-0"]
[WhiteElo "2428"]
[BlackElo "2015"]
[PlyCount "67"]
[EventDate "2017.10.29"]
[EventType "team-tourn"]
[EventRounds "9"]
[EventCountry "HUN"]
[SourceTitle "EXT 2021"]
[Source "ChessBase"]
[SourceDate "2020.10.23"]
[SourceVersion "1"]
[SourceVersionDate "2020.10.23"]
[SourceQuality "1"]
[WhiteTeam "Gyor Elektromos"]
[BlackTeam "Tapolca VSE II"]
[WhiteTeamCountry "HUN"]
[BlackTeamCountry "HUN"]

1. d4 d5 2. Bf4 Nf6 3. e3 e6 4. c4 Bb4+ 5. Nc3 0-0 6. a3 Bxc3+ 7. bxc3 c5 8. Bd3 dxc4 9. Bxc4 Nd5 10. Ne2 b6 11. Bg3 Nc6 12. 0-0 Na5 13. Bd3 c4 14. Bc2 f5 15. Qd2 Bb7 16. f3 Qd7 17. Rae1 Rac8 18. e4 Ne7 19. Qe3 Ng6 20. h4 Qf7 21. h5 Ne7 22. h6 Ng6 23. hxg7 Kxg7 24. Nf4 Nc6 25. exf5 exf5 26. Ne6+ Kg8 27. Nxf8 Rxf8 28. Qg5 f4 29. Bxg6 hxg6 30. Bxf4 Qxf4 31. Qxg6+ Kh8 32. Re4 Rf6 33. Qe8+ Rf8 34. Qh5+ 1-0

[Event "HUN-chT2 Szechenyi 1617"]
[Site "Hungary"]
[Date "2016.12.11"]
[Round "6"]
[White "Gutmann, Alois"]
[Black "Heiligermann, Gabor"]
[Result "0-1"]
[WhiteElo "2070"]
[BlackElo "1970"]
[PlyCount "86"]
[EventDate "2016.09.25"]
[EventType "team-tourn"]
[EventRounds "11"]
[EventCountry "HUN"]
[SourceTitle "EXT 2021"]
[Source "ChessBase"]
[SourceDate "2020.10.23"]
[SourceVersion "1"]
[SourceVersionDate "2020.10.23"]
[SourceQuality "1"]
[WhiteTeam "Haladas Szombathely III"]
[BlackTeam "Tapolca VSE II"]
[WhiteTeamCountry "HUN"]
[BlackTeamCountry "HUN"]

1. Nc3 c5 2. Nf3 Nc6 3. d4 cxd4 4. Nxd4 g6 5. Bg5 Bg7 6. Ndb5 Nf6 7. Nd5 Nxd5 8. Nd6+ Kf8 9. Qxd5 Qa5+ 10. Qxa5 Nxa5 11. Nxc8 Bxb2 12. Bxe7+ Kg7 13. Rb1 Bc3+ 14. Kd1 Raxc8 15. e3 d5 16. Bd3 b6 17. Rb5 Rhe8 18. Ba3 Nc4 19. Bc1 Red8 20. Ke2 f5 21. Bxc4 dxc4 22. Rd1 Rxd1 23. Kxd1 Rd8+ 24. Ke2 Kf6 25. f3 Ba5 26. h4 a6 27. Rb1 Ke5 28. g3 b5 29. a4 b4 30. Bd2 c3 31. Be1 Kd5 32. g4 Kc4 33. gxf5 gxf5 34. h5 Bb6 35. f4 Rd6 36. Kf3 Re6 37. Bf2 Rd6 38. Rg1 b3 39. cxb3+ Kxb3 40. Rb1+ Ka2 41. Rb4 Rc6 42. Be1 c2 43. Bd2 Ba5 0-1

[Event "HUN-chT2 Szechenyi 1516"]
[Site "Hungary"]
[Date "2016.03.20"]
[Round "9"]
[White "Jansen, Christof"]
[Black "Heiligermann, Gabor"]
[Result "1-0"]
[WhiteElo "2239"]
[BlackElo "2044"]
[PlyCount "73"]
[EventDate "2015.09.13"]
[EventType "team-tourn"]
[EventRounds "11"]
[EventCountry "HUN"]
[SourceTitle "EXT 2017"]
[Source "ChessBase"]
[SourceDate "2016.10.25"]
[SourceVersion "1"]
[SourceVersionDate "2016.10.25"]
[SourceQuality "1"]
[WhiteTeam "Keszthely Spartacus"]
[BlackTeam "Tapolca Kolcsey"]
[WhiteTeamCountry "HUN"]
[BlackTeamCountry "HUN"]

1. d3 d5 2. g3 e5 3. Bg2 Nc6 4. c3 Nf6 5. e4 dxe4 6. dxe4 Qxd1+ 7. Kxd1 Bg4+ 8. f3 0-0-0+ 9. Kc2 Be6 10. Bh3 Bxh3 11. Nxh3 h6 12. Nf2 Bc5 13. Nd3 Bb6 14. Na3 Rhe8 15. Nc4 Nd7 16. a4 Nc5 17. Nxc5 Bxc5 18. b4 Bf8 19. Be3 b6 20. a5 b5 21. Nb2 a6 22. Nd3 Nb8 23. Rhd1 Nd7 24. Kb3 Kb7 25. Rac1 c5 26. bxc5 Rc8 27. Nb4 Nxc5+ 28. Bxc5 Rxc5 29. Rd7+ Rc7 30. Rxc7+ Kxc7 31. Nxa6+ Kb7 32. Nb4 Ra8 33. Rd1 Rxa5 34. Rd7+ Kb6 35. Rxf7 Ra8 36. Nd5+ Kc5 37. Nc7 1-0

[Event "HUN-chT2 Szechenyi 1516"]
[Site "Hungary"]
[Date "2015.10.04"]
[Round "2.1"]
[White "Szakacs, Daniel"]
[Black "Heiligermann, Gabor"]
[Result "1-0"]
[WhiteElo "2122"]
[BlackElo "2044"]
[PlyCount "61"]
[EventDate "2015.09.13"]
[EventType "team-tourn"]
[EventRounds "11"]
[EventCountry "HUN"]
[SourceTitle "CBM 170 Extra"]
[Source "ChessBase"]
[SourceDate "2016.02.25"]
[SourceVersion "1"]
[SourceVersionDate "2016.02.25"]
[SourceQuality "1"]
[WhiteTeam "Ezust Huszar"]
[BlackTeam "Tapolca Kolcsey"]
[WhiteTeamCountry "HUN"]
[BlackTeamCountry "HUN"]

1. e4 c5 2. c4 Nc6 3. Nc3 g6 4. g3 Bg7 5. Bg2 d6 6. d3 e5 7. Nge2 Nge7 8. 0-0 0-0 9. Be3 Be6 10. Qd2 Qd7 11. a3 Bh3 12. b4 Nd4 13. Bxd4 exd4 14. Nd5 Nxd5 15. cxd5 Bxg2 16. Kxg2 f5 17. f3 b5 18. bxc5 dxc5 19. Qc2 Rfc8 20. a4 c4 21. axb5 Qxb5 22. Qa4 Rab8 23. dxc4 Rxc4 24. Qxb5 Rxb5 25. Rac1 Rxc1 26. Rxc1 d3 27. Nf4 Rb2+ 28. Kf1 d2 29. Rc8+ Kf7 30. Ke2 Be5 31. Nd3 1-0

[Event "HUN-chT2 Charousek 1415"]
[Site "Hungary"]
[Date "2015.04.26"]
[Round "9"]
[White "Heiligermann, Gabor"]
[Black "Barbarics, Tamas"]
[Result "1/2-1/2"]
[WhiteElo "2070"]
[BlackElo "2049"]
[PlyCount "57"]
[EventDate "2014.10.12"]
[EventType "team-tourn"]
[EventRounds "9"]
[EventCountry "HUN"]
[SourceTitle "EXT 2016"]
[Source "ChessBase"]
[SourceDate "2015.10.08"]
[SourceVersion "1"]
[SourceVersionDate "2015.10.08"]
[SourceQuality "1"]
[WhiteTeam "Tapolca"]
[BlackTeam "Decs"]
[WhiteTeamCountry "HUN"]
[BlackTeamCountry "HUN"]

1. c4 e6 2. Nc3 d5 3. d4 c6 4. Nf3 Nf6 5. e3 Nbd7 6. b3 Bb4 7. Bd2 Bxc3 8. Bxc3 Ne4 9. Qc2 f5 10. Bd3 0-0 11. 0-0-0 Ndf6 12. Bb4 Re8 13. Ne5 Qb6 14. Ba3 Nd7 15. Nxd7 Bxd7 16. f3 Qa5 17. Kb2 dxc4 18. Bxc4 b5 19. fxe4 bxc4 20. Qxc4 fxe4 21. Bc5 Qd8 22. Rdf1 Qg5 23. Qe2 e5 24. h4 Qg3 25. Bd6 Bg4 26. Qc4+ Be6 27. Qe2 Bg4 28. Qd2 Rad8 29. Bc5 1/2-1/2

[Event "HUN-chT2 Charousek 1415"]
[Site "Hungary"]
[Date "2014.12.14"]
[Round "4"]
[White "Heiligermann, Gabor"]
[Black "Mervo, Jozsef"]
[Result "1/2-1/2"]
[WhiteElo "2070"]
[BlackElo "2048"]
[PlyCount "66"]
[EventDate "2014.10.12"]
[EventType "team-tourn"]
[EventRounds "9"]
[EventCountry "HUN"]
[SourceTitle "EXT 2016"]
[Source "ChessBase"]
[SourceDate "2015.10.08"]
[SourceVersion "1"]
[SourceVersionDate "2015.10.08"]
[SourceQuality "1"]
[WhiteTeam "Tapolca"]
[BlackTeam "Biatorbagy"]
[WhiteTeamCountry "HUN"]
[BlackTeamCountry "HUN"]

1. c4 e5 2. Nc3 Nc6 3. g3 f5 4. Bg2 Nf6 5. d3 g6 6. Bg5 h6 7. Bxf6 Qxf6 8. Nd5 Qd8 9. e4 Ne7 10. exf5 Nxd5 11. Bxd5 c6 12. Bf3 Bb4+ 13. Kf1 gxf5 14. Bh5+ Ke7 15. Nf3 Kf6 16. a3 Ba5 17. b4 Bc7 18. d4 e4 19. d5 Qe7 20. Qd4+ Be5 21. Nxe5 Qxe5 22. Qxe5+ Kxe5 23. Rd1 d6 24. f4+ exf3 25. Kf2 c5 26. Rhe1+ Kf6 27. bxc5 dxc5 28. Bxf3 Bd7 29. d6 Rae8 30. Bxb7 Rxe1 31. Rxe1 Rb8 32. Bd5 Rb6 33. Kf3 Rxd6 1/2-1/2

[Event "HUN-chT2 Szechenyi 1415"]
[Site "Hungary"]
[Date "2014.09.07"]
[Round "1.1"]
[White "Boronyak, Arpad"]
[Black "Heiligermann, Gabor"]
[Result "1/2-1/2"]
[WhiteElo "2219"]
[BlackElo "2070"]
[PlyCount "147"]
[EventDate "2014.09.07"]
[EventType "team-tourn"]
[EventRounds "11"]
[EventCountry "HUN"]
[SourceTitle "EXT 2016"]
[Source "ChessBase"]
[SourceDate "2015.10.08"]
[SourceVersion "1"]
[SourceVersionDate "2015.10.08"]
[SourceQuality "1"]
[WhiteTeam "Csuti"]
[BlackTeam "Tapolca"]
[WhiteTeamCountry "HUN"]
[BlackTeamCountry "HUN"]

1. e4 c5 2. Nc3 Nc6 3. g3 g6 4. Bg2 Bg7 5. Nge2 d6 6. 0-0 h5 7. h3 e5 8. d3 Be6 9. Kh2 g5 10. Nd5 Bxd5 11. exd5 Nd4 12. c3 Nxe2 13. Qxe2 Qe7 14. d4 0-0-0 15. dxc5 dxc5 16. Be3 Nf6 17. Bxg5 Rd7 18. Kg1 Qd6 19. Rad1 Ne8 20. Be4 f6 21. Be3 Kb8 22. Qb5 Rc7 23. b4 cxb4 24. cxb4 Qd7 25. Qxd7 Rxd7 26. Bf5 Rd8 27. Be6 Bf8 28. Bc5 b6 29. Bxf8 Rxf8 30. Bf5 Ng7 31. Bg6 Rd6 32. Bc2 Rfd8 33. Bb3 Nf5 34. a3 Nd4 35. Ba2 Ne2+ 36. Kg2 Nc3 37. Rd2 Nxa2 38. Rxa2 Rxd5 39. Rc1 Kb7 40. Rac2 R8d7 41. Rc6 R5d6 42. b5 a6 43. a4 axb5 44. axb5 f5 45. Rc8 Rd5 46. Rh8 Rxb5 47. Rxh5 Rf7 48. Re1 Rc5 49. Rg5 b5 50. h4 b4 51. Rb1 Rb5 52. Rb3 Kc6 53. h5 Kd5 54. h6 Ke6 55. Rg6+ Ke7 56. g4 fxg4 57. Rxg4 Rh7 58. Rg6 Rb7 59. Kg3 Kf7 60. Rc6 Kg8 61. Rc8+ Kf7 62. Rc6 Kg8 63. Kg4 Rhf7 64. f3 Kh7 65. Kg5 Rb5 66. Kg4 Rf4+ 67. Kg3 Rb7 68. Re6 Rf5 69. Kg4 Rf4+ 70. Kg5 Rbf7 71. Rxe5 Rxf3 72. Rxf3 Rxf3 73. Re7+ Kh8 74. Rb7 1/2-1/2

[Event "HUN-chT2 Charousek 1314"]
[Site "Hungary"]
[Date "2014.04.27"]
[Round "11"]
[White "Bors, Tamas"]
[Black "Heiligermann, Gabor"]
[Result "1-0"]
[WhiteElo "2283"]
[BlackElo "2071"]
[PlyCount "65"]
[EventDate "2013.09.08"]
[EventType "team-tourn"]
[EventRounds "11"]
[EventCountry "HUN"]
[SourceTitle "EXT 2016"]
[Source "ChessBase"]
[SourceDate "2015.10.08"]
[SourceVersion "1"]
[SourceVersionDate "2015.10.08"]
[SourceQuality "1"]
[WhiteTeam "Taban Spartacus"]
[BlackTeam "Tapolca"]
[WhiteTeamCountry "HUN"]
[BlackTeamCountry "HUN"]

1. c4 c5 2. g3 Nc6 3. Bg2 g6 4. Nc3 Bg7 5. e3 e5 6. a3 Nge7 7. Nge2 d6 8. 0-0 Be6 9. Nd5 h5 10. h4 f5 11. d3 Bf7 12. Rb1 Nxd5 13. cxd5 Nb8 14. e4 f4 15. gxf4 Qxh4 16. fxe5 Bxe5 17. f4 Bf6 18. Be3 Nd7 19. Qd2 Qg4 20. Kh2 Bd4 21. Nxd4 cxd4 22. Bxd4 Qh4+ 23. Kg1 0-0 24. Qf2 Qxf2+ 25. Rxf2 b6 26. b4 Rac8 27. Bh3 Rc7 28. Kh2 Kh7 29. Rg1 Be8 30. f5 Rg8 31. fxg6+ Bxg6 32. Be6 Rf8 33. Rfg2 1-0

[Event "HUN-chT2 Charousek 1314"]
[Site "Hungary"]
[Date "2014.03.02"]
[Round "8"]
[White "Zoldi, Zoltan"]
[Black "Heiligermann, Gabor"]
[Result "0-1"]
[WhiteElo "2174"]
[BlackElo "2071"]
[PlyCount "62"]
[EventDate "2013.09.08"]
[EventType "team-tourn"]
[EventRounds "11"]
[EventCountry "HUN"]
[SourceTitle "EXT 2016"]
[Source "ChessBase"]
[SourceDate "2015.10.08"]
[SourceVersion "1"]
[SourceVersionDate "2015.10.08"]
[SourceQuality "1"]
[WhiteTeam "Gyor Elektromos"]
[BlackTeam "Tapolca"]
[WhiteTeamCountry "HUN"]
[BlackTeamCountry "HUN"]

1. c4 c5 2. Nc3 Nc6 3. g3 g6 4. Bg2 Bg7 5. Nf3 e6 6. b3 Nge7 7. Bb2 d5 8. Na4 Bxb2 9. Nxb2 d4 10. a3 Qd6 11. 0-0 e5 12. d3 f5 13. Qd2 h6 14. b4 b6 15. b5 Na5 16. Nxe5 Rb8 17. Nc6 Nexc6 18. bxc6 Nb3 19. Qc2 Nxa1 20. Rxa1 0-0 21. e3 Be6 22. exd4 Qxd4 23. Re1 Rbe8 24. Nd1 g5 25. Bf3 Bf7 26. Rxe8 Rxe8 27. Ne3 g4 28. Bd5 f4 29. gxf4 Qxf4 30. Qa4 Bxd5 31. c7 Rf8 0-1

[Event "HUN-chT2 Charousek 1314"]
[Site "Hungary"]
[Date "2014.02.02"]
[Round "6"]
[White "Hitter, Gabriela"]
[Black "Heiligermann, Gabor"]
[Result "1-0"]
[WhiteElo "2067"]
[BlackElo "2071"]
[PlyCount "71"]
[EventDate "2013.09.08"]
[EventType "team-tourn"]
[EventRounds "11"]
[EventCountry "HUN"]
[SourceTitle "EXT 2016"]
[Source "ChessBase"]
[SourceDate "2015.10.08"]
[SourceVersion "1"]
[SourceVersionDate "2015.10.08"]
[SourceQuality "1"]
[WhiteTeam "Alsoszolnok"]
[BlackTeam "Tapolca"]
[WhiteTeamCountry "HUN"]
[BlackTeamCountry "HUN"]

1. e4 c5 2. Nf3 Nc6 3. d4 cxd4 4. Nxd4 Nf6 5. Nc3 e5 6. Ndb5 d6 7. Bg5 a6 8. Na3 Be6 9. Nc4 Rc8 10. Bxf6 gxf6 11. Nd5 Bxd5 12. Qxd5 Nb4 13. Qd2 d5 14. exd5 Qxd5 15. Qxd5 Nxd5 16. Rd1 Rd8 17. c3 Bc5 18. Na5 b6 19. Nb7 Rd7 20. Nxc5 bxc5 21. Bxa6 Ke7 22. Bb5 Rdd8 23. Ke2 f5 24. a4 Rhg8 25. g3 f4 26. a5 Rg6 27. c4 Nc7 28. Rxd8 Kxd8 29. gxf4 exf4 30. Kf3 Ne6 31. Rd1+ Ke7 32. a6 Rg8 33. Rd7+ Kf6 34. a7 Re8 35. Bc6 Nd4+ 36. Rxd4 1-0

[Event "HUN-chT2 Szechenyi 1213"]
[Site "Hungary"]
[Date "2012.12.02"]
[Round "5.9"]
[White "Heiligermann, Gabor"]
[Black "Hajdu, Istvan"]
[Result "1-0"]
[WhiteElo "2075"]
[BlackElo "1934"]
[PlyCount "69"]
[EventDate "2012.09.16"]
[EventType "team-tourn"]
[EventRounds "11"]
[EventCountry "HUN"]
[SourceTitle "EXT 2014"]
[Source "ChessBase"]
[SourceDate "2013.11.20"]
[SourceVersion "1"]
[SourceVersionDate "2013.11.20"]
[SourceQuality "1"]
[WhiteTeam "Tapolca"]
[BlackTeam "Haladas III"]
[WhiteTeamCountry "HUN"]
[BlackTeamCountry "HUN"]

1. c4 Nf6 2. Nc3 g6 3. e4 d6 4. d4 Bg7 5. f4 0-0 6. Nf3 Bg4 7. Be2 c6 8. 0-0 Bxf3 9. Bxf3 Nbd7 10. Be3 Qb6 11. Qd2 Qa6 12. e5 Ne8 13. c5 d5 14. Be2 Qa5 15. Nxd5 Qd8 16. Nc3 e6 17. Ne4 Nc7 18. g4 f5 19. Nd6 b6 20. Rac1 b5 21. gxf5 gxf5 22. Kh1 Ne8 23. Bf3 Nb8 24. Qg2 Qd7 25. Nxb5 a6 26. Nd6 Ra7 27. Rg1 Kh8 28. Qh3 Rg8 29. Bh5 Nxd6 30. cxd6 Bf8 31. Rxg8+ Kxg8 32. d5 c5 33. Bxc5 Rb7 34. Qg2+ Kh8 35. dxe6 1-0

[Event "HUN-chT2 Szechenyi 1213"]
[Site "Hungary"]
[Date "2012.09.16"]
[Round "1.10"]
[White "Vincze, Otto"]
[Black "Heiligermann, Gabor"]
[Result "1/2-1/2"]
[WhiteElo "1877"]
[BlackElo "2075"]
[PlyCount "40"]
[EventDate "2012.09.16"]
[EventType "team-tourn"]
[EventRounds "11"]
[EventCountry "HUN"]
[SourceTitle "EXT 2014"]
[Source "ChessBase"]
[SourceDate "2013.11.20"]
[SourceVersion "1"]
[SourceVersionDate "2013.11.20"]
[SourceQuality "1"]
[WhiteTeam "Ajka Banyasz"]
[BlackTeam "Tapolca"]
[WhiteTeamCountry "HUN"]
[BlackTeamCountry "HUN"]

1. e4 c5 2. c3 d5 3. exd5 Qxd5 4. d4 cxd4 5. cxd4 Nc6 6. Nf3 e5 7. dxe5 Qxd1+ 8. Kxd1 Bg4 9. Be2 0-0-0+ 10. Bd2 Bb4 11. Nc3 Bxc3 12. bxc3 Bxf3 13. Bxf3 Nxe5 14. Be2 Nf6 15. f3 Nd5 16. Kc2 f5 17. Rab1 h6 18. Rb5 Rhe8 19. Re1 f4 20. Bf1 b6 1/2-1/2

[Event "HUN-chT2 Szechenyi 1112"]
[Site "Hungary"]
[Date "2012.05.06"]
[Round "10.5"]
[White "Heiligermann, Gabor"]
[Black "Hajdu, Istvan"]
[Result "1/2-1/2"]
[WhiteElo "2130"]
[BlackElo "1944"]
[PlyCount "55"]
[EventDate "2011.09.25"]
[EventType "team-tourn"]
[EventRounds "11"]
[EventCountry "HUN"]
[SourceTitle "EXT 2013"]
[Source "ChessBase"]
[SourceDate "2012.11.22"]
[SourceVersion "1"]
[SourceVersionDate "2012.11.22"]
[SourceQuality "1"]
[WhiteTeam "Tapolca"]
[BlackTeam "Haladas"]
[WhiteTeamCountry "HUN"]
[BlackTeamCountry "HUN"]

1. c4 c5 2. Nc3 Nc6 3. g3 g6 4. Bg2 Bg7 5. e3 e6 6. Nge2 Nge7 7. d4 cxd4 8. exd4 0-0 9. d5 Ne5 10. b3 exd5 11. cxd5 d6 12. 0-0 Nf5 13. Rb1 h5 14. h3 b5 15. Nxb5 Ba6 16. Ned4 Nxd4 17. Nxd4 Bxf1 18. Kxf1 Qa5 19. a4 Qc3 20. Be3 a6 21. Rc1 Qd3+ 22. Qxd3 Nxd3 23. Rc6 Rfd8 24. Ke2 Nc5 25. Rb6 Rab8 26. Rxb8 Rxb8 27. Nc6 Re8 28. b4 1/2-1/2

[Event "HUN-chT2 Szechenyi 1112"]
[Site "Hungary"]
[Date "2012.01.29"]
[Round "5.6"]
[White "Finy, Mark"]
[Black "Heiligermann, Gabor"]
[Result "1/2-1/2"]
[WhiteElo "1869"]
[BlackElo "2130"]
[PlyCount "58"]
[EventDate "2011.09.25"]
[EventType "team-tourn"]
[EventRounds "11"]
[EventCountry "HUN"]
[SourceTitle "EXT 2013"]
[Source "ChessBase"]
[SourceDate "2012.11.22"]
[SourceVersion "1"]
[SourceVersionDate "2012.11.22"]
[SourceQuality "1"]
[WhiteTeam "Arboretum"]
[BlackTeam "Tapolca"]
[WhiteTeamCountry "HUN"]
[BlackTeamCountry "HUN"]

1. d4 d5 2. c4 c6 3. cxd5 cxd5 4. Nc3 Nc6 5. Bf4 a6 6. a3 Nf6 7. Nf3 e6 8. h3 Bd6 9. Bxd6 Qxd6 10. e3 0-0 11. Bd3 e5 12. dxe5 Nxe5 13. Nxe5 Qxe5 14. 0-0 Ne4 15. Rc1 Be6 16. Qc2 f5 17. Ne2 Rac8 18. Qd1 Qxb2 19. Nd4 Rxc1 20. Qxc1 Qxc1 21. Rxc1 Bc8 22. Rc7 g6 23. Bb1 Nf6 24. Ba2 Rd8 25. Nf3 Ne8 26. Rc5 Nf6 27. Rc7 Ne8 28. Rc5 Nf6 29. Rc7 Ne8 1/2-1/2

[Event "HUN-chT2 Charousek 1011"]
[Site "Hungary"]
[Date "2011.05.01"]
[Round "10"]
[White "Heiligermann, Gabor"]
[Black "Berek, Geza"]
[Result "1-0"]
[WhiteElo "2115"]
[BlackElo "2216"]
[PlyCount "97"]
[EventDate "2010.09.12"]
[EventType "team-tourn"]
[EventRounds "11"]
[EventCountry "HUN"]
[SourceTitle "EXT 2012"]
[Source "ChessBase"]
[SourceDate "2011.11.24"]
[SourceVersion "1"]
[SourceVersionDate "2011.11.24"]
[SourceQuality "1"]
[WhiteTeam "Tapolca"]
[BlackTeam "Kisber Aszar"]
[WhiteTeamCountry "HUN"]
[BlackTeamCountry "HUN"]

1. c4 g6 2. Nc3 Bg7 3. g3 c5 4. Bg2 Nc6 5. e3 e5 6. Nge2 d6 7. 0-0 Nge7 8. b3 0-0 9. Bb2 Rb8 10. Nd5 Be6 11. d4 exd4 12. Nxe7+ Qxe7 13. exd4 Bg4 14. f3 Qe3+ 15. Rf2 Bf5 16. g4 Bd7 17. Bc1 Qe7 18. Bb2 f5 19. gxf5 Bxf5 20. Qd2 Rbe8 21. Rd1 Qe3 22. dxc5 Qxd2 23. Rxd2 Bxb2 24. Rxb2 Nb4 25. cxd6 Nd3 26. Rd2 Nxf2 27. Kxf2 b6 28. f4 Be6 29. Bc6 Rd8 30. Ke3 Bd7 31. Bxd7 Rxd7 32. Ng3 Re8+ 33. Ne4 Kf7 34. b4 Ke6 35. c5 bxc5 36. bxc5 Rc8 37. Kd4 Rb7 38. Ng5+ Kd7 39. Kd5 Rb5 40. Rc2 Rf8 41. Nf3 Rxf4 42. Ne5+ Kd8 43. Nc6+ Kd7 44. Re2 Rf5+ 45. Ne5+ Kd8 46. Kc4 a6 47. Nc6+ Kd7 48. Re7+ Kxc6 49. Rc7# 1-0